000 00596nam a2200229Ia 4500
003 OSt
005 20230529094330.0
008 210423s2015 xx 000 0 und d
020 _a978-93-84007-43-0
040 _cAL
041 _aeng
082 _a530.11 MORS
100 _aMORRIS (Dennis)
_9115528
245 _aSpecial theory of relativity
260 _aNew Delhi
_bMed Tec
_c2015
300 _axii,314
_bPB
365 _b295
_cINR
440 _aMedtec introductory physics series
_9115529
650 _aPhysics
_9115530
906 _arelativity ; Special ; theory
942 _2ddc
_cBK
999 _c168257
_d168257